[Event "ICS rated blitz match"]
[Site "204.178.125.65"]
[Date "2000.11.28"]
[Round "?"]
[White "Hossa"]
[Black "MrXYZ2"]
[Result "1-0"]
[WhiteElo "2571"]
[BlackElo "2551"]
[PlyCount "59"]
[EventDate "2000.??.??"]

1. e4 e6 2. d4 d5 3. Nd2 c5 4. exd5 exd5 5. Ngf3 Nc6 6. Bb5 Bd6 7. dxc5 Bxc5 8.
Nb3 Bd6 9. Bg5 Nge7 10. O-O O-O 11. Re1 Bg4 12. h3 Bh5 13. c3 a6 14. Bd3 h6 15.
Bh4 Qb6 16. Qe2 g5 17. g4 Bg6 18. Nxg5 hxg5 19. Bxg5 Rfe8 20. Bxg6 Nxg6 21. Qf3
Qb5 22. Qf5 d4 23. Rxe8+ Rxe8 24. Qxb5 axb5 25. cxd4 Bf4 26. Bf6 Re6 27. g5 Re2
28. d5 Nce7 29. Kf1 Rxb2 30. Bxb2 {MrXYZ2 resigns} 1-0

[Event "ICS rated blitz match"]
[Site "204.178.125.65"]
[Date "2000.11.28"]
[Round "?"]
[White "MrXYZ2"]
[Black "Hossa"]
[Result "0-1"]
[WhiteElo "2536"]
[BlackElo "2586"]
[PlyCount "46"]
[EventDate "2000.??.??"]

1. e4 c5 2. c3 Nf6 3. e5 Nd5 4. d4 cxd4 5. Nf3 Nc6 6. cxd4 d6 7. Bc4 Nb6 8. Bb5
dxe5 9. Nxe5 Bd7 10. Nxd7 Qxd7 11. Nc3 e6 12. O-O a6 13. Bxc6 Qxc6 14. Re1 Bb4
15. Qg4 Bxc3 16. bxc3 Qxc3 17. Be3 Kf8 18. Rac1 Qa5 19. d5 h5 20. Qg3 Nxd5 21.
Bc5+ Kg8 22. Bd4 Rh7 23. Re5 Qd2 {MrXYZ2 resigns} 0-1

[Event "ICS rated blitz match"]
[Site "204.178.125.65"]
[Date "2000.11.28"]
[Round "?"]
[White "PostModernist"]
[Black "Hossa"]
[Result "1-0"]
[WhiteElo "2619"]
[BlackElo "2600"]
[PlyCount "79"]
[EventDate "2000.??.??"]

1. d4 d5 2. Nf3 Nf6 3. e3 e6 4. c4 dxc4 5. Bxc4 c5 6. O-O a6 7. a4 cxd4 8. exd4
Bd6 9. Nc3 Qc7 10. Qd3 O-O 11. Bg5 Ng4 12. g3 h6 13. Bd2 Nc6 14. Ne4 Bb4 15. h3
f5 16. Nc3 Nf6 17. Rfe1 Ne4 18. Bf4 Qf7 19. Re2 g5 20. Bc1 Qh5 21. h4 gxh4 22.
Nxh4 Ng5 23. d5 Rd8 24. Bxg5 hxg5 25. Nxf5 Kf8 26. Nd4 Nxd4 27. Qxd4 Be7 28.
Qe5 Qh3 29. dxe6 Rd6 30. Ne4 Rc6 31. Nxg5 Qh5 32. Qf4+ Kg7 33. Re5 Rxc4 34.
Qxc4 Bxg5 35. f4 Qh3 36. Rxg5+ Kf6 37. Qc3+ Kxe6 38. Re1+ Kd6 39. Qc5+ Kd7 40.
Rd5# {Hossa checkmated} 1-0

[Event "ICS rated blitz match"]
[Site "204.178.125.65"]
[Date "2000.11.28"]
[Round "?"]
[White "Hossa"]
[Black "sekere"]
[Result "1-0"]
[WhiteElo "2585"]
[BlackElo "2254"]
[PlyCount "33"]
[EventDate "2000.??.??"]

1. d4 d5 2. Nf3 Nf6 3. e3 c6 4. c4 Nbd7 5. cxd5 cxd5 6. Bd3 g6 7. Nc3 Bg7 8. b3
O-O 9. Bb2 a6 10. h3 Re8 11. Rc1 e5 12. dxe5 Nxe5 13. Nxe5 Rxe5 14. Nb1 Re8 15.
O-O Be6 16. Qf3 Qd6 17. Bxf6 {sekere resigns} 1-0

[Event "ICS rated blitz match"]
[Site "204.178.125.65"]
[Date "2000.11.28"]
[Round "?"]
[White "Hossa"]
[Black "Hobbit"]
[Result "1-0"]
[WhiteElo "2589"]
[BlackElo "2193"]
[PlyCount "61"]
[EventDate "2000.??.??"]

1. d4 Nf6 2. c4 c5 3. Nf3 cxd4 4. Nxd4 e5 5. Nf3 Nc6 6. e3 d5 7. cxd5 Nxd5 8.
e4 Nf6 9. Qxd8+ Kxd8 10. Ng5 Ke8 11. Bc4 Nd8 12. O-O h6 13. Nf3 Bd6 14. Nc3 Be6
15. Bd5 Bxd5 16. exd5 Kd7 17. Rd1 Rc8 18. Bd2 Re8 19. Nh4 Bf8 20. Be3 b6 21.
Nf5 Nb7 22. Nb5 Ra8 23. Rac1 Rec8 24. Rxc8 Kxc8 25. Rc1+ Kb8 26. Nc7 Nd6 27.
Nxd6 Bxd6 28. Nxa8 Kxa8 29. Rc6 Bb4 30. a3 Be7 31. d6 {Hobbit resigns} 1-0

[Event "ICS rated bullet match"]
[Site "204.178.125.65"]
[Date "2000.11.28"]
[Round "?"]
[White "Good-Boy"]
[Black "Hossa"]
[Result "1-0"]
[WhiteElo "2853"]
[BlackElo "2624"]
[PlyCount "133"]
[EventDate "2000.??.??"]

1. d4 Nf6 2. c4 g6 3. Nc3 d5 4. cxd5 Nxd5 5. e4 Nxc3 6. bxc3 Bg7 7. Bc4 c5 8.
Ne2 cxd4 9. cxd4 Nc6 10. Be3 Qa5+ 11. Bd2 Qa3 12. Rb1 O-O 13. O-O Bg4 14. d5 b5
15. Bc1 Qa6 16. Bxb5 Qxa2 17. f3 Qxb1 18. Bxc6 Rab8 19. fxg4 Qxe4 20. Ng3 Qd4+
21. Qxd4 Bxd4+ 22. Kh1 Rb1 23. Bf4 Rxf1+ 24. Nxf1 e5 25. Bd2 f5 26. gxf5 Rxf5
27. Bb5 Rf6 28. Bc4 Kg7 29. Bb4 Rb6 30. Ba5 Rf6 31. Bc7 e4 32. Ng3 e3 33. Ne4
Rf7 34. d6 Bb6 35. Bxb6 axb6 36. Kg1 Rf8 37. g3 Rd8 38. Kf1 Re8 39. d7 Rd8 40.
Bb5 Kf7 41. Ke2 h6 42. Kxe3 Ke6 43. Kd4 g5 44. Nc3 Rxd7+ 45. Bxd7+ Kxd7 46. Kd5
g4 47. Ke5 Kc6 48. Kf5 Kc5 49. Kxg4 Kd4 50. Na2 Ke3 51. Kh5 Kf3 52. Kxh6 b5 53.
Kg5 Kg2 54. h4 Kf2 55. g4 Ke2 56. h5 Kd2 57. h6 Kc2 58. h7 Kb3 59. Nc1+ Kc2 60.
Ne2 b4 61. h8=Q Kd3 62. Qb2 Ke3 63. Nf4 b3 64. Qc3+ Kf2 65. Qd2+ Kf3 66. Qe2+
Kg3 67. Qg2# {Hossa checkmated} 1-0

[Event "ICS rated blitz match"]
[Site "204.178.125.65"]
[Date "2000.11.28"]
[Round "?"]
[White "Amateur"]
[Black "Hossa"]
[Result "0-1"]
[WhiteElo "2474"]
[BlackElo "2592"]
[PlyCount "150"]
[EventDate "2000.??.??"]

1. e4 e6 2. d4 d5 3. e5 c5 4. c3 Nc6 5. Nf3 Bd7 6. Be2 Nge7 7. Na3 cxd4 8. cxd4
Ng6 9. Nc2 f6 10. exf6 gxf6 11. O-O Rg8 12. Qd3 Rc8 13. Be3 Na5 14. b3 Bd6 15.
Rac1 Nc6 16. Rfe1 Qe7 17. Qd2 Bc7 18. Red1 Ba5 19. Qd3 Qg7 20. g3 h5 21. Bf1 h4
22. Bg2 Bc7 23. Qf1 Nce7 24. Re1 a6 25. a4 Nf5 26. Nb4 Nge7 27. Rc5 hxg3 28.
fxg3 Nxe3 29. Rxe3 a5 30. Na2 Nf5 31. Rec3 Bc6 32. Qe1 Ke7 33. Rd3 Bb6 34. Rc1
Qh7 35. Qe2 Rh8 36. Re1 e5 37. Qf1 Nxd4 38. Rxd4 Kd6 39. h3 Qc2 40. Kh1 exd4
41. Ng5 Qg6 42. Re6+ Kd7 43. Qxf6 Qxf6 44. Rxf6 Rcg8 45. Nf7 Rh7 46. Ne5+ Ke7
47. Rg6 Rxg6 48. Nxg6+ Kf6 49. Nf4 Bc7 50. Nc1 Bxf4 51. gxf4 Re7 52. Nd3 Re3
53. Bf1 Bd7 54. Kh2 Bxh3 55. Bxh3 Rxd3 56. Bc8 Re3 57. Kg2 d3 58. Bg4 d2 59.
Kf2 Re1 60. Be2 d1=R 61. Bxd1 Rxd1 62. Ke3 Ke6 63. Kf3 Rd3+ 64. Ke2 Rxb3 65.
Kf2 Ra3 66. Ke2 Rxa4 67. Kd2 Rxf4 68. Kc3 Ke5 69. Kb3 Kd4 70. Kc2 Rf2+ 71. Kd1
Kd3 72. Kc1 a4 73. Kb1 Kc3 74. Ka1 Kb3 75. Kb1 Rf1# {Amateur checkmated} 0-1

[Event "ICS rated blitz match"]
[Site "204.178.125.65"]
[Date "2000.11.28"]
[Round "?"]
[White "Hossa"]
[Black "Amateur"]
[Result "0-1"]
[WhiteElo "2603"]
[BlackElo "2463"]
[PlyCount "78"]
[EventDate "2000.??.??"]

1. d4 Nf6 2. c4 e6 3. Nc3 Bb4 4. Qc2 c5 5. dxc5 O-O 6. a3 Bxc5 7. Nf3 b6 8. Bg5
Bb7 9. e4 h6 10. Bh4 Be7 11. h3 Nh5 12. Bxe7 Qxe7 13. Bd3 Na6 14. O-O Nf4 15.
Rfd1 Nc5 16. Be2 Rae8 17. b4 Na6 18. Qd2 Qf6 19. e5 Qf5 20. Qxd7 Bxf3 21. Bxf3
Nxh3+ 22. gxh3 Qxf3 23. Qd3 Qf4 24. Qe4 Qg5+ 25. Kh1 Qh5 26. h4 f6 27. exf6
Rxf6 28. Rd7 Rf3 29. Rxa7 Rh3+ 30. Kg2 Rxh4 31. Qb7 Qg4+ 32. Kf1 Qh3+ 33. Ke2
Qxc3 34. Qf7+ Kh7 35. Rg1 Re4+ 36. Kf1 Qd3+ 37. Kg2 Rg4+ 38. Kh2 Rh4+ 39. Kg2
Qh3# {Hossa checkmated} 0-1

[Event "ICS rated blitz match"]
[Site "204.178.125.65"]
[Date "2000.11.28"]
[Round "?"]
[White "Amateur"]
[Black "Hossa"]
[Result "1-0"]
[WhiteElo "2485"]
[BlackElo "2581"]
[PlyCount "81"]
[EventDate "2000.??.??"]

1. d4 Nf6 2. c4 e6 3. Nf3 d5 4. Nc3 Be7 5. Bf4 c5 6. Bxb8 Rxb8 7. Qa4+ Bd7 8.
Qxa7 dxc4 9. e4 b6 10. dxc5 Bxc5 11. Ne5 Bd4 12. Nxd7 Nxd7 13. Bxc4 Qf6 14.
O-O-O Rd8 15. Bb5 e5 16. Ne2 Qxf2 17. Nxd4 exd4 18. Qxb6 O-O 19. Qxd4 Rc8+ 20.
Kb1 Qc2+ 21. Ka1 Nb8 22. h4 Kh8 23. Rhf1 f6 24. g4 Qg2 25. Rg1 Qc2 26. h5 Qc7
27. Qe3 Qa5 28. Rd5 Rcd8 29. Rgd1 Rxd5 30. Rxd5 Rc8 31. a3 Rg8 32. h6 g6 33. e5
Qc7 34. exf6 Qh2 35. Qd4 Qh1+ 36. Ka2 Qg1 37. Qxg1 Na6 38. Bxa6 Rc8 39. f7 Rg8
40. Qd4+ Rg7 41. f8=Q# {Hossa checkmated} 1-0

[Event "ICS rated blitz match"]
[Site "204.178.125.65"]
[Date "2000.11.28"]
[Round "?"]
[White "PostModernist"]
[Black "Hossa"]
[Result "1-0"]
[WhiteElo "2665"]
[BlackElo "2561"]
[PlyCount "101"]
[EventDate "2000.??.??"]

1. e4 c6 2. d4 d5 3. Nc3 dxe4 4. Nxe4 Bf5 5. Ng3 Bg6 6. h4 h6 7. Nf3 Nd7 8. h5
Bh7 9. Bd3 Bxd3 10. Qxd3 Ngf6 11. Bf4 Nd5 12. Bd2 e6 13. O-O-O Bd6 14. Ne2 N7f6
15. Ne5 O-O 16. f4 Qb6 17. c4 Nb4 18. Qa3 c5 19. Bxb4 cxb4 20. Qd3 Qc7 21. Kb1
Rfd8 22. Qf3 Rac8 23. Rhf1 a5 24. g4 a4 25. g5 hxg5 26. c5 a3 27. fxg5 Bxe5 28.
bxa3 Ra8 29. axb4 Ra4 30. a3 Rda8 31. Rd3 Nh7 32. dxe5 Nxg5 33. Qe3 Qe7 34. Rg1
f6 35. exf6 gxf6 36. Nf4 Kf7 37. h6 R4a6 38. h7 b5 39. cxb6 Rc8 40. Rgd1 Rxa3
41. Rxa3 Qxb4+ 42. Ka1 Qxa3+ 43. Qxa3 f5 44. Rd7+ Kf6 45. Qe7+ Ke5 46. Ng6+ Ke4
47. Qb4+ Kf3 48. Qf4+ Kg2 49. Rd2+ Kg1 50. Qh2+ Kf1 51. Rd1# {Hossa checkmated}
1-0

[Event "ICS rated blitz match"]
[Site "204.178.125.65"]
[Date "2000.11.28"]
[Round "?"]
[White "Hossa"]
[Black "Turbofish"]
[Result "1-0"]
[WhiteElo "2550"]
[BlackElo "2455"]
[PlyCount "49"]
[EventDate "2000.??.??"]

1. e4 e6 2. d4 d5 3. Nd2 dxe4 4. Nxe4 Bd7 5. Nf3 Bc6 6. Ng3 Nd7 7. Bd3 Ngf6 8.
O-O Bxf3 9. Qxf3 c5 10. dxc5 Bxc5 11. Qxb7 O-O 12. Rd1 Rb8 13. Qc6 Qa5 14. Bd2
Bb4 15. c3 Be7 16. c4 Bb4 17. Bxb4 Qxb4 18. b3 Ne5 19. Qc7 Nfg4 20. Qxa7 Rbd8
21. Be2 Qc3 22. f4 Rxd1+ 23. Rxd1 Ne3 24. Ne4 Nc6 25. Qc5 {Turbofish resigns}
1-0

[Event "ICS rated bullet match"]
[Site "204.178.125.65"]
[Date "2000.11.28"]
[Round "?"]
[White "Hossa"]
[Black "Jotun"]
[Result "1-0"]
[WhiteElo "2624"]
[BlackElo "2280"]
[PlyCount "33"]
[EventDate "2000.??.??"]

1. e4 b6 2. d4 Bb7 3. Nc3 e6 4. Bd3 g6 5. Nf3 Bg7 6. O-O Ne7 7. Bf4 O-O 8. Qe2
d6 9. Qe3 Nd7 10. Bh6 c5 11. Bxg7 Kxg7 12. Nb5 Qb8 13. Qg5 f6 14. Qg3 Nc8 15.
Nc3 Ne7 16. Qh3 f5 17. Ng5 {Jotun resigns} 1-0

[Event "ICS rated blitz match"]
[Site "204.178.125.65"]
[Date "2000.11.28"]
[Round "?"]
[White "escorp"]
[Black "Hossa"]
[Result "1-0"]
[WhiteElo "2609"]
[BlackElo "2562"]
[PlyCount "131"]
[EventDate "2000.??.??"]

1. d4 Nf6 2. c4 e6 3. Nc3 Bb4 4. Qc2 c5 5. dxc5 O-O 6. a3 Bxc5 7. Nf3 b6 8. Bg5
Bb7 9. e4 h6 10. Bh4 Be7 11. Rd1 d6 12. Be2 Ng4 13. Bg3 f5 14. Nd4 Qc8 15. O-O
Ne5 16. exf5 exf5 17. Qb3 f4 18. c5+ Kh8 19. cxd6 Bxd6 20. Bh4 Bc5 21. f3 Nbc6
22. Bf2 Nxd4 23. Bxd4 Rd8 24. Nb5 a6 25. Kh1 Bd5 26. Qc2 Bxd4 27. Qxc8 Rdxc8
28. Rxd4 Bg8 29. Nc3 g5 30. Re1 Rc5 31. h4 Bf7 32. hxg5 hxg5 33. Ne4 Rd5 34.
Rb4 Nd7 35. Bc4 Rf5 36. Bxf7 Rxf7 37. Nxg5 Rf5 38. Ne6 Re8 39. Re2 Rf6 40. Rbe4
Kg8 41. Kg1 Re7 42. Nxf4 Ref7 43. Ne6 Rg6 44. Kf2 Rh7 45. Nf4 Rf6 46. g4 Rhf7
47. Kg3 Rf8 48. g5 Rf5 49. g6 Nc5 50. Rd4 Rg5+ 51. Kh4 Rg1 52. Re3 a5 53. b4
axb4 54. axb4 Na4 55. Re7 Nc3 56. Ne6 Rc8 57. Rg7+ Kh8 58. Rdd7 Rh1+ 59. Kg5
Na2 60. Rgf7 Kg8 61. g7 Rg1+ 62. Kf5 Kh7 63. Rf8 Rxg7 64. Rxg7+ Kh6 65. Rf6+
Kh5 66. Rh7# {Hossa checkmated} 1-0

[Event "ICS rated bullet match"]
[Site "204.178.125.65"]
[Date "2000.11.28"]
[Round "?"]
[White "Akib"]
[Black "Hossa"]
[Result "0-1"]
[WhiteElo "2241"]
[BlackElo "2628"]
[PlyCount "48"]
[EventDate "2000.??.??"]

1. e4 c5 2. Nf3 Nc6 3. d4 cxd4 4. Nxd4 g6 5. c4 Bg7 6. Be3 Nh6 7. Nc3 Ng4 8.
Qxg4 Bxd4 9. Bxd4 Nxd4 10. Qd1 e5 11. Bd3 O-O 12. O-O d6 13. Nd5 Be6 14. f4
Bxd5 15. cxd5 Qb6 16. Kh1 Qxb2 17. fxe5 dxe5 18. Rb1 Qxa2 19. Rxb7 f5 20. d6
fxe4 21. Bxe4 Qc4 22. Re1 Rad8 23. h3 Rxd6 24. Rxa7 Nb5 {Akib resigns} 0-1

[Event "ICS rated blitz match"]
[Site "204.178.125.65"]
[Date "2000.11.28"]
[Round "?"]
[White "Hossa"]
[Black "WitPaard"]
[Result "1-0"]
[WhiteElo "2542"]
[BlackElo "2163"]
[PlyCount "83"]
[EventDate "2000.??.??"]

1. e4 e5 2. Nf3 Nc6 3. Bb5 f5 4. Nc3 fxe4 5. Nxe4 Nf6 6. Qe2 Qe7 7. O-O d5 8.
Nxf6+ gxf6 9. d4 e4 10. Ne1 Bd7 11. c3 O-O-O 12. Nc2 f5 13. a4 Rg8 14. g3 a6
15. Bxa6 bxa6 16. Qxa6+ Kb8 17. Bf4 Qe6 18. Qb6+ Ka8 19. Bxc7 Rc8 20. Ne3 Na7
21. Qa5 Rxc7 22. Qxc7 Bd6 23. Qa5 Bc6 24. c4 f4 25. cxd5 Qh3 26. Nc4 f3 27. Ne3
Bb7 28. Qb6 Bf4 29. Qe6 Qxe6 30. dxe6 Bxe3 31. fxe3 Bd5 32. Rfc1 Bxe6 33. Rc7
h5 34. b4 h4 35. Kf2 hxg3+ 36. hxg3 Rh8 37. Re7 Rh2+ 38. Kg1 Rg2+ 39. Kh1 Bh3
40. Rxe4 Rxg3 41. Kh2 Bf5 42. Re8+ {WitPaard resigns} 1-0

[Event "ICS rated blitz match"]
[Site "204.178.125.65"]
[Date "2000.11.28"]
[Round "?"]
[White "WitPaard"]
[Black "Hossa"]
[Result "0-1"]
[WhiteElo "2160"]
[BlackElo "2545"]
[PlyCount "22"]
[EventDate "2000.??.??"]

1. e4 e5 2. Nf3 Nc6 3. Bc4 Be7 4. d4 d6 5. h3 Nxd4 6. Nxd4 exd4 7. Qxd4 Nf6 8.
Nc3 O-O 9. Be3 c6 10. a4 Be6 11. Bd3 c5 {WitPaard resigns} 0-1

[Event "ICS rated bullet match"]
[Site "204.178.125.65"]
[Date "2000.11.28"]
[Round "?"]
[White "Hossa"]
[Black "PostModernist"]
[Result "0-1"]
[WhiteElo "2631"]
[BlackElo "2622"]
[PlyCount "184"]
[EventDate "2000.??.??"]

1. d4 Nf6 2. c4 g6 3. Nc3 d5 4. cxd5 Nxd5 5. e4 Nxc3 6. bxc3 Bg7 7. Bc4 c5 8.
Ne2 Nc6 9. Be3 O-O 10. O-O cxd4 11. cxd4 b6 12. Rc1 Na5 13. Bd5 Bb7 14. Bxb7
Nxb7 15. Qa4 Qd6 16. e5 Qd5 17. Rc7 Rfc8 18. Rxe7 Na5 19. Rc1 Nc6 20. Nf4 Qe4
21. Rd7 Nxe5 22. Rdc7 Rxc7 23. Rxc7 Qb1+ 24. Bc1 Qe4 25. Qd1 Ng4 26. h4 h5 27.
Rd7 Qc6 28. Rd5 Bh6 29. Rg5 Bxg5 30. hxg5 Rd8 31. Ne2 Re8 32. Ng3 Qe6 33. Bd2
Qxa2 34. Qc1 h4 35. Nf1 Qd5 36. Qc3 f5 37. f3 Re2 38. Qc8+ Kf7 39. Qc7+ Ke8 40.
Qc8+ Qd8 41. Qc6+ Qd7 42. Qxg6+ Kd8 43. fxg4 Qxd4+ 44. Kh2 fxg4 45. Qg8+ Re8
46. Qf7 Qd6+ 47. Bf4 Rf8 48. Bxd6 Rxf7 49. Ne3 Kd7 50. Be5 Rf8 51. Nxg4 Rf5 52.
Bf6 Ke6 53. Kh3 Rf4 54. Ne5 a5 55. Ng6 Re4 56. Nxh4 a4 57. Ng6 a3 58. Kg3 a2
59. Kf2 Kf5 60. Nf8 Rf4+ 61. Ke3 Rf1 62. Bc3 Kxg5 63. Ne6+ Kg4 64. Ke2 a1=Q 65.
Bxa1 Rxa1 66. Nc7 Ra2+ 67. Kd3 Rxg2 68. Nd5 Rb2 69. Ke4 Rb1 70. Nf6+ Kg3 71.
Kd3 Rc1 72. Kd2 Rc6 73. Ne4+ Kf4 74. Nc3 Ke5 75. Kd3 Rc7 76. Nb5 Rc5 77. Nc3 b5
78. Ne4 Rd5+ 79. Ke3 b4 80. Nd2 Rc5 81. Ne4 Rc4 82. Nf2 b3 83. Nd3+ Kd5 84. Kd2
Kd4 85. Ne1 Rc3 86. Kd1 Re3 87. Ng2 b2 88. Nf4 b1=Q+ 89. Kd2 Qe1+ 90. Kc2 Qc3+
91. Kb1 Re1+ 92. Ka2 Ra1# {Hossa checkmated} 0-1

[Event "ICS rated blitz match"]
[Site "204.178.125.65"]
[Date "2000.11.28"]
[Round "?"]
[White "PostModernist"]
[Black "Hossa"]
[Result "1-0"]
[WhiteElo "2664"]
[BlackElo "2548"]
[PlyCount "117"]
[EventDate "2000.??.??"]

1. e4 c5 2. c3 Nf6 3. e5 Nd5 4. d4 cxd4 5. cxd4 d6 6. Nf3 Nc6 7. Bc4 Nb6 8. Bb5
dxe5 9. Nxe5 Bd7 10. Bxc6 Bxc6 11. Nxc6 bxc6 12. O-O e6 13. Qg4 h5 14. Qe4 Qd5
15. Nc3 Qxe4 16. Nxe4 O-O-O 17. Be3 Nd5 18. Rac1 Kc7 19. Rc2 Nb4 20. Rc4 Kd7
21. Ng5 Ke8 22. a3 Nd3 23. Rxc6 Be7 24. b4 Bxg5 25. Bxg5 f6 26. Be3 Ke7 27. Rc3
Nb2 28. Rc2 Na4 29. d5 exd5 30. Bxa7 Kd6 31. Rfc1 Ke5 32. b5 Rd7 33. b6 g5 34.
Rb1 Rhh7 35. Bb8+ Kf5 36. Bc7 Nxb6 37. Bxb6 Rh8 38. Bd4 Rf7 39. Rb5 Rd7 40. Rc6
Rf8 41. f3 g4 42. Rbb6 Rdf7 43. a4 gxf3 44. gxf3 Ra8 45. h4 Rg8+ 46. Kf2 Rgf8
47. Rxf6+ Rxf6 48. Rxf6+ Rxf6 49. Bxf6 Ke6 50. Bd4 Kd6 51. a5 Kc6 52. a6 Kc7
53. a7 Kb7 54. f4 Kc7 55. a8=Q Kd6 56. Qc8 Ke7 57. Qc7+ Kf8 58. Qd7 Kg8 59.
Qg7# {Hossa checkmated} 1-0

[Event "ICS rated bullet match"]
[Site "204.178.125.65"]
[Date "2000.11.28"]
[Round "?"]
[White "claudi"]
[Black "Hossa"]
[Result "0-1"]
[WhiteElo "2472"]
[BlackElo "2615"]
[PlyCount "60"]
[EventDate "2000.??.??"]

1. d4 Nf6 2. Nf3 g6 3. Bf4 Bg7 4. e3 O-O 5. h3 d6 6. Be2 Nh5 7. Bh2 c5 8. c3
cxd4 9. cxd4 Qb6 10. Qb3 Qxb3 11. axb3 Bd7 12. Nc3 Nc6 13. O-O Rfc8 14. Nd2 Nf6
15. Bc4 Nb4 16. Rfc1 Bh6 17. Bg3 Bf5 18. Ra4 Nd3 19. Bxd3 Bxd3 20. b4 Nd5 21.
Rca1 Nxe3 22. Rxa7 Rxa7 23. Rxa7 Nf5 24. Nf3 Rb8 25. Nd5 Be4 26. Nb6 Bxf3 27.
gxf3 Bg7 28. Nd7 Bxd4 29. Nxb8 Bxa7 30. Nd7 Nxg3 {claudi resigns} 0-1

[Event "ICS Rated blitz match"]
[Site "204.178.125.65"]
[Date "2000.11.28"]
[Round "?"]
[White "Yace"]
[Black "Hossa"]
[Result "1-0"]
[WhiteElo "2738"]
[BlackElo "2535"]
[PlyCount "141"]
[EventDate "2000.??.??"]

1. e4 c5 2. Nf3 Nc6 3. d4 cxd4 4. Nxd4 g6 5. Nc3 Bg7 6. Be3 Qa5 7. Qd2 Nf6 8.
Nb3 Qc7 9. Be2 d6 10. Bh6 Bxh6 11. Qxh6 Be6 12. O-O O-O-O 13. Qe3 Qd7 14. Rfd1
Qe8 15. Nd5 Nd7 16. Rac1 Kb8 17. c4 Qf8 18. c5 f5 19. exf5 Bxd5 20. Rxd5 Nf6
21. Rd2 gxf5 22. cxd6 exd6 23. Nd4 Nxd4 24. Rxd4 Qe8 25. Qxe8 Nxe8 26. Bd3 Rf8
27. Rc5 Ng7 28. Rcd5 Kc7 29. g4 fxg4 30. Rxg4 Ne8 31. Bxh7 Kc6 32. Rd3 d5 33.
Rgd4 Nf6 34. Bf5 Nh5 35. Bg4 Nf4 36. Rc3+ Kd6 37. Kf1 Rf7 38. a3 Rh8 39. h3 b6
40. Re3 Rg8 41. b4 Rh8 42. Kg1 a5 43. bxa5 bxa5 44. Ra4 Ra8 45. Kh2 Kc5 46. Kg3
Ng6 47. Be6 Rf6 48. Bg4 Rf7 49. Re2 Rg7 50. Kh2 Ne7 51. Rd2 Rg6 52. f4 Nc6 53.
f5 Rgg8 54. f6 Ne5 55. Rf4 Nc4 56. Rd3 Raf8 57. f7 Rg7 58. Be6 Rg5 59. Rg4 Rxg4
60. Rxd5+ Kb6 61. hxg4 Nxa3 62. g5 Rh8+ 63. Kg3 Nc4 64. g6 Rh6 65. f8=Q Rxg6+
66. Kf4 Rg7 67. Qxg7 a4 68. Qd4+ Kb7 69. Qxc4 Ka8 70. Rb5 a3 71. Qa4# {
Hossa checkmated} 1-0

[Event "ICS rated blitz match"]
[Site "204.178.125.65"]
[Date "2000.11.28"]
[Round "?"]
[White "Hossa"]
[Black "Yace"]
[Result "0-1"]
[WhiteElo "2527"]
[BlackElo "2746"]
[PlyCount "152"]
[EventDate "2000.??.??"]

1. e4 c5 2. Nf3 d6 3. d4 cxd4 4. Nxd4 Nf6 5. Nc3 Nc6 6. Bg5 e6 7. Qd2 Be7 8.
O-O-O O-O 9. f4 e5 10. Ndb5 Qa5 11. Bxf6 Bxf6 12. Bc4 Qb4 13. Bf1 Bg4 14. Nd5
Qxe4 15. Nxf6+ gxf6 16. Re1 Qa4 17. Nc3 Qxf4 18. Qxf4 exf4 19. Ne4 Bf5 20. Nxd6
Bg6 21. c3 b6 22. Be2 Rad8 23. Rd1 Rd7 24. Bg4 Re7 25. Rhf1 h5 26. Bf3 Nd8 27.
Rd5 Re5 28. Rd2 Ne6 29. Bc6 Nc5 30. Bb5 a6 31. b4 axb5 32. bxc5 bxc5 33. Nxb5
Rb8 34. a4 Re4 35. Ra2 h4 36. Rd1 Bh5 37. Rg1 Ra8 38. a5 Re2 39. Rxe2 Bxe2 40.
Nd6 Rxa5 41. Kb2 c4 42. Ne4 Re5 43. Nf2 Kf8 44. Ka3 f3 45. gxf3 Bxf3 46. Kb4
Re2 47. Ng4 h3 48. Nxf6 Rxh2 49. Kxc4 Rd2 50. Nh7+ Ke7 51. Ng5 Bd5+ 52. Kc5 h2
53. Re1+ Kf6 54. Nh3 h1=Q 55. Rxh1 Bxh1 56. Ng1 Bd5 57. c4 Rg2 58. Nh3 Ke5 59.
cxd5 Rc2+ 60. Kb4 Kxd5 61. Ka5 Kd4 62. Kb6 Rg2 63. Kc6 Ke3 64. Kd6 Rg3 65. Nf4
Kxf4 66. Kd5 Rd3+ 67. Kc6 f5 68. Kc7 Rh3 69. Kd7 Ke4 70. Ke7 f4 71. Kf7 f3 72.
Kg7 f2 73. Kf8 f1=Q+ 74. Ke7 Rh7+ 75. Ke8 Qf7+ 76. Kd8 Qf8# {Hossa checkmated}
0-1

[Event "ICS Rated blitz match"]
[Site "204.178.125.65"]
[Date "2000.11.28"]
[Round "?"]
[White "Hossa"]
[Black "Amateur"]
[Result "0-1"]
[WhiteElo "2520"]
[BlackElo "2495"]
[PlyCount "128"]
[EventDate "2000.??.??"]

1. e4 e5 2. Nf3 Nc6 3. Bb5 a6 4. Ba4 Nf6 5. O-O Bc5 6. c3 b5 7. Bc2 O-O 8. d4
Bd6 9. d5 Na5 10. b3 c6 11. Bg5 h6 12. Bh4 Bb7 13. Kh1 cxd5 14. exd5 Re8 15.
Re1 Rc8 16. Bf5 Rc5 17. Bxf6 Qxf6 18. Be4 Rc7 19. a3 Qf4 20. h3 Bc5 21. Ra2 Bd6
22. Qc2 Rcc8 23. a4 b4 24. c4 Rxc4 25. bxc4 b3 26. Qe2 bxa2 27. Qxa2 Bb4 28.
Nbd2 Bc5 29. Nf1 Bb4 30. N1d2 Bc5 31. Nf1 Bb4 32. g3 Qf6 33. Rb1 Bc5 34. Qc2 d6
35. Qc3 Qd8 36. Qc2 Bc8 37. Ng1 Bd7 38. Bh7+ Kh8 39. Bd3 Qc8 40. g4 h5 41. gxh5
Bxh3 42. Ng3 Bg4 43. h6 Qd8 44. Qd2 Rg8 45. Ne4 Qh4+ 46. Kg2 gxh6 47. Ng3 Bc8
48. Rb8 Nb7 49. Bf5 Bxf5 50. Rxb7 Be4+ 51. Nf3 Bxf3+ 52. Kxf3 Qh2 53. Qb2 Bd4
54. Qe2 f5 55. Qf1 e4+ 56. Ke2 Rxg3 57. Rb8+ Kg7 58. Rb1 Rg2 59. Kd1 Rxf2 60.
Rb7+ Kf6 61. Qe1 Ra2 62. Rf7+ Kxf7 63. Qf2 Qxf2 64. c5 Ra1# {Hossa checkmated}
0-1

[Event "ICS rated blitz match"]
[Site "204.178.125.65"]
[Date "2000.11.28"]
[Round "?"]
[White "wwallace"]
[Black "Hossa"]
[Result "0-1"]
[WhiteElo "2126"]
[BlackElo "2503"]
[PlyCount "62"]
[EventDate "2000.??.??"]

1. e4 e5 2. f4 exf4 3. Nf3 h6 4. Bc4 c6 5. Nc3 Qa5 6. d4 Bb4 7. Bd2 b5 8. Bb3
d6 9. O-O Bg4 10. a4 Bxc3 11. bxc3 g5 12. axb5 Qxb5 13. Ba4 Qb7 14. Qe2 Nd7 15.
d5 Qb6+ 16. Kh1 cxd5 17. exd5+ Kd8 18. c4 Ne7 19. Bc3 Re8 20. Qd2 Kc8 21. Ba5
Qc5 22. Nd4 Qxc4 23. Bc6 Nxc6 24. Nxc6 Re2 25. Qb4 Qxd5 26. Rf2 Qxc6 27. Rxe2
Bxe2 28. Ra3 Rb8 29. Qe1 f3 30. Rc3 fxg2+ 31. Kg1 Nc5 {wwallace resigns} 0-1

[Event "ICS rated blitz match"]
[Site "204.178.125.65"]
[Date "2000.11.28"]
[Round "?"]
[White "Hossa"]
[Black "wwallace"]
[Result "1-0"]
[WhiteElo "2506"]
[BlackElo "2123"]
[PlyCount "39"]
[EventDate "2000.??.??"]

1. e4 c5 2. Nf3 d6 3. d4 cxd4 4. Nxd4 Nf6 5. Nc3 e6 6. Be3 a6 7. Bd3 b5 8. O-O
Bb7 9. f3 Nbd7 10. Nb3 Qc7 11. a4 b4 12. Ne2 d5 13. Ng3 Bd6 14. Bf2 O-O 15. Qe2
dxe4 16. fxe4 Ne5 17. a5 Nfg4 18. Bd4 Nf6 19. Rac1 Neg4 20. Rxf6 {
wwallace resigns} 1-0

[Event "ICS rated bullet match"]
[Site "204.178.125.65"]
[Date "2000.11.28"]
[Round "?"]
[White "Hossa"]
[Black "twixer"]
[Result "0-1"]
[WhiteElo "2625"]
[BlackElo "2693"]
[PlyCount "152"]
[EventDate "2000.??.??"]

1. e4 c5 2. Nf3 d6 3. d4 cxd4 4. Nxd4 Nf6 5. Nc3 a6 6. Be3 e6 7. g4 h6 8. f4
Nc6 9. Be2 e5 10. Nxc6 bxc6 11. fxe5 dxe5 12. Qxd8+ Kxd8 13. O-O-O+ Ke8 14. h3
Bb4 15. Na4 Bb7 16. Bc5 a5 17. c3 Bxc5 18. Nxc5 Rb8 19. Rd2 Rf8 20. Rhd1 Rg8
21. Bc4 Rf8 22. Kc2 Bc8 23. Rd6 Bb7 24. Re1 Ke7 25. Nxb7 Rxb7 26. Rxc6 Rfb8 27.
b3 Ra7 28. Ra6 Rxa6 29. Bxa6 Rb6 30. Bd3 Rb8 31. a3 h5 32. g5 Nh7 33. Rg1 Nf8
34. b4 Ra8 35. Bc4 Ne6 36. Bxe6 Kxe6 37. b5 Rc8 38. Kd3 Rd8+ 39. Ke3 Rc8 40.
Rc1 Kd6 41. c4 Kc5 42. Rc3 Kb6 43. h4 Kc5 44. Rc2 Rb8 45. Kf3 Rc8 46. Rc1 Kb6
47. a4 Kc5 48. Rb1 Kb6 49. g6 f6 50. Rc1 Kc5 51. Ke3 Rd8 52. Rc2 Rd1 53. Rd2
Re1+ 54. Kd3 Rc1 55. Rc2 Rh1 56. Re2 Rxh4 57. Re3 Rh1 58. Re2 h4 59. Re3 Ra1
60. b6 Kxb6 61. Kc2 Rxa4 62. Rb3+ Rb4 63. Rc3 a4 64. Kd2 Rb3 65. Rc1 Kc5 66.
Ra1 a3 67. Rc1 h3 68. Kc2 Kxc4 69. Kd2+ Kd4 70. Ra1 h2 71. Ke2 a2 72. Rxa2 h1=Q
73. Ra4+ Kc3 74. Ke3 Kc2+ 75. Kf2 Rf3+ 76. Ke2 Qd1# {Hossa checkmated} 0-1